| 000 | 00820nam a2200241Ia 4500 | ||
|---|---|---|---|
| 005 | 20240920110325.0 | ||
| 008 | 210716s2002 xx 000 0 und d | ||
| 020 | _a0070237530 | ||
| 040 | _cAIMIT LIBRARY | ||
| 041 | _aeng | ||
| 082 |
_a005.73 _bGOOS |
||
| 100 |
_aGoodman, S E. _9179681 |
||
| 245 |
_aIntroduction to the design and analysis of algorithms / _cBy S E Goodman and Hedetniemi, S T. |
||
| 250 | _a1st ed. | ||
| 260 |
_aNew Delhi; _bTata McGraw Hill Publishing Company Ltd , _c2002. |
||
| 300 |
_axi,371 p.; _bPB _c22.3 cm. |
||
| 650 |
_aComplete development of an algorithm _9179682 |
||
| 650 |
_aSome basic tools and algorithms _9179683 |
||
| 650 |
_aAlgorithm design methods _9179684 |
||
| 650 |
_aComplete example _9179685 |
||
| 700 |
_aHedetniemi, S T. _9179686 |
||
| 942 |
_2ddc _cBK _k005.73 GOOS |
||
| 999 |
_c185049 _d185049 |
||